Songtext "Nur in meinem Kopf" von Andreas Bourani - Statistiken

Allgemein
  • Dieses Quiz wurde 65 mal gespielt
  • Das Durchschnittsergebnis liegt bei 179 aus 246
Antwortstatistiken
Antwort % Korrekt
in
100%
In
100%
meinem
98%
nur
98%
alle
96%
das
96%
Das
96%
ist
96%
Kopf
96%
und
96%
Und
96%
alles
92%
Alles
92%
Ich
91%
ich
91%
die
87%
Die
87%
der
74%
du
74%
bin
68%
zu
68%
Den
66%
den
66%
Wir
66%
Doch
62%
kann
60%
Kann
60%
sind
60%
Welt
60%
wie
60%
fliegen
58%
für
58%
wär
58%
bist
57%
drei
57%
Sekunde
57%
Gedanken
55%
zwei
55%
Zwei
55%
dort
53%
gern
53%
länger
53%
Liebe
53%
Sekunden
53%
bau'n
51%
geblieben
51%
erobern
49%
mir
49%
aus
47%
Schlösser
47%
Tage
47%
machen
45%
sein
45%
deine
43%
kaputthau'n
43%
Geld
42%
'ner
42%
nie
42%
vergiften
42%
verbrenn'n
40%
Fantasie
38%
Feind
38%
durch
36%
Frieden
36%
Himmel
36%
Staub
36%
stiften
36%
Zeit
36%
Zukunft
36%
kenn'n
34%
wie's
34%
Augen
32%
einzieh'n
32%
lernen
32%
seh'n
32%
Weiß
32%
komm'n
30%
sterben
30%
Ewigkeit
28%
geh'n
28%
heut
28%
stürmen
26%
Wände
25%
stopp
23%
Unsichtbar
19%
wohn'n
19%
Keine übereinstimmenden Quizze gefunden
Verteilung der Resultate
Anzahl Personen mit jedem Resultat
Perzentil nach korrekt beantworteten Fragen
Ihre Resultats-Entwicklung
Sie haben dieses Quiz noch nicht gespielt